000 00454nam a2200181Ia 4500
001 3644
005 20260306145658.0
008 260306t2011||||xx |||||||||||||| ||spa||
041 _aESP
082 _a301
_bG46
100 _aGibu Shimabukuro, Ricardo
_eAUT
245 0 _aProximidad y subjetividad:
_bla antropología filosófica de Emmanuel Levinas
260 _c2011
300 _a
_c
650 _aGEN
654 _aCHU
942 _cLIB
_dJUS
_fJUS
_2ddc
_n
999 _c3644
_d3644